[Event "5. OPEN International Championship of Vo"]
[Site "Novi Sad - MASTER CENTAR - SAJ"]
[Date "2014.07.12"]
[Round "1.27"]
[White "Nestorovic, Lazar"]
[Black "Mrdak, Milomir"]
[Result "1-0"]
[WhiteElo "2331"]
[BlackElo "1956"]
[PlyCount "117"]
[EventDate "2014.07.12"]

1. d4 Nf6 2. Nf3 g6 3. e3 Bg7 4. Be2 d6 5. O-O O-O 6. c4 c6 7. Nc3 Nbd7 8. b3
Re8 9. Qc2 a6 10. Ba3 Qc7 11. Rfd1 Bf8 12. Rac1 e5 13. Ng5 Qa5 14. b4 Qc7 15.
Bb2 h6 16. Nf3 Bg7 17. a3 Nf8 18. dxe5 dxe5 19. c5 Bf5 20. Qb3 Rad8 21. Nd2 e4
22. Nc4 Be6 23. h3 N8d7 24. Qc2 Bxc4 25. Bxc4 Ne5 26. Be2 g5 27. Rxd8 Rxd8 28.
Rd1 Qe7 29. Rxd8+ Qxd8 30. Nxe4 Nxe4 31. Qxe4 Nf3+ 32. Bxf3 Bxb2 33. a4 Qd2 34.
g3 Qd7 35. Kg2 Bc3 36. h4 Kg7 37. Qc4 Bf6 38. Bg4 Qe7 39. h5 Qc7 40. Bf3 Qe5
41. Qd3 Qc3 42. Qe4 a5 43. b5 Qxc5 44. bxc6 bxc6 45. Qe8 Qf5 46. Qxc6 g4 47.
Be2 Qxh5 48. Qc4 Qg5 49. Bxg4 h5 50. Bf3 h4 51. g4 Qe5 52. Bd1 Bd8 53. Bb3 Qe7
54. Qd4+ Qf6 55. Qxf6+ Kxf6 56. f4 Bb6 57. g5+ Kf5 58. Kf3 h3 59. Bxf7 1-0

[Event "5. OPEN International Championship of Vo"]
[Site "Novi Sad - MASTER CENTAR - SAJ"]
[Date "2014.07.12"]
[Round "1.28"]
[White "Demic, Aleksandar"]
[Black "Doric, Nenad"]
[Result "0-1"]
[WhiteElo "1593"]
[BlackElo "2316"]
[PlyCount "68"]
[EventDate "2014.07.12"]

1. e4 c5 2. Nf3 e6 3. d4 cxd4 4. Nxd4 Nf6 5. Nc3 Nc6 6. f3 Bb4 7. Bg5 Qa5 8.
Qd2 Nxd4 9. Bxf6 Bxc3 10. bxc3 Nxc2+ 11. Qxc2 gxf6 12. Bd3 Qc5 13. Rb1 b6 14.
Rb5 Qe3+ 15. Be2 Ba6 16. Rb3 Rc8 17. Qd2 Qxe2+ 18. Qxe2 Bxe2 19. Kxe2 Rg8 20.
g3 Rg5 21. Ra3 Rc7 22. f4 Rb5 23. Kd3 f5 24. Re1 fxe4+ 25. Rxe4 Rb2 26. Re2
Rxe2 27. Kxe2 Ke7 28. Kd3 d5 29. Ra4 Kf6 30. g4 b5 31. Ra5 Rc4 32. Rxb5 Rxf4
33. Rb7 Ra4 34. h3 Rxa2 0-1

[Event "5. OPEN International Championship of Vo"]
[Site "Novi Sad - MASTER CENTAR - SAJ"]
[Date "2014.07.12"]
[Round "1.29"]
[White "Pantelic, Sasa"]
[Black "Zoric, Djuro D"]
[Result "1-0"]
[WhiteElo "2312"]
[BlackElo "1724"]
[PlyCount "48"]
[EventDate "2014.07.12"]

1. d4 Nf6 2. c4 c6 3. Nc3 d5 4. cxd5 cxd5 5. Bf4 a6 6. e3 Bf5 7. Qb3 b6 8. Bxb8
Qxb8 9. Nxd5 Be6 10. Bc4 Nd7 11. Nf4 Bxc4 12. Qxc4 Qc8 13. Qb3 e6 14. Nge2 Bd6
15. Rc1 Qb7 16. O-O O-O 17. Nxe6 Rfe8 18. Ng5 Nf6 19. Ng3 h6 20. Nf3 g6 21. Rc2
Kg7 22. Rfc1 b5 23. Rc6 Qb8 24. Nh4 Ra7 1-0

[Event "5. OPEN International Championship of Vo"]
[Site "Novi Sad - MASTER CENTAR - SAJ"]
[Date "2014.07.12"]
[Round "1.30"]
[White "Drogovoz, Maria"]
[Black "Stojanovic, Andjelija"]
[Result "1/2-1/2"]
[WhiteElo "1952"]
[BlackElo "2306"]
[PlyCount "81"]
[EventDate "2014.07.12"]

1. e4 d6 2. d4 Nf6 3. Nc3 e5 4. Nf3 exd4 5. Nxd4 Be7 6. Be2 O-O 7. O-O Re8 8.
Re1 Bf8 9. Bf1 Nbd7 10. Bg5 h6 11. Bh4 Ne5 12. h3 c6 13. a4 Ng6 14. Bg3 a5 15.
Qd2 Nh5 16. Bh2 Qg5 17. Qxg5 hxg5 18. Rad1 Nhf4 19. Bc4 Nh4 20. Bf1 Nhg6 21.
Bc4 Ne5 22. Ba2 Nfg6 23. Nf5 Be6 24. Bxe6 Rxe6 25. b3 Rd8 26. Re2 Nf4 27. Red2
g6 28. Ne3 Bg7 29. Ne2 Nxe2+ 30. Rxe2 Bf8 31. Bxe5 Rxe5 32. Nc4 Rc5 33. Red2
Re8 34. f3 Kg7 35. Nxd6 Bxd6 36. Rxd6 Rxc2 37. Rd7 b5 38. axb5 cxb5 39. Rb7 a4
40. Rxb5 axb3 41. Rxb3 1/2-1/2

[Event "5. OPEN International Championship of Vo"]
[Site "Novi Sad - MASTER CENTAR - SAJ"]
[Date "2014.07.12"]
[Round "1.31"]
[White "Ratkovic, Milovan"]
[Black "Matkovic, Simana"]
[Result "1-0"]
[WhiteElo "2295"]
[BlackElo "1944"]
[PlyCount "91"]
[EventDate "2014.07.12"]

1. d4 d5 2. c4 e6 3. Nc3 Nf6 4. Nf3 Be7 5. Bg5 h6 6. Bxf6 Bxf6 7. e3 O-O 8. Rc1
c6 9. h4 Nd7 10. g4 Re8 11. g5 hxg5 12. hxg5 Bxg5 13. Qc2 Bf6 14. Qh7+ Kf8 15.
Bd3 b6 16. cxd5 exd5 17. Kd2 Ke7 18. Kc2 Nf8 19. Qh2 Qd6 20. Ne5 Be6 21. Kb1
Rac8 22. f4 g6 23. Qc2 c5 24. Qa4 c4 25. Nb5 Qb8 26. Bc2 a5 27. Qa3+ Kd8 28.
Qd6+ Qxd6 29. Nxd6 Re7 30. Nxc8 Kxc8 31. e4 Kb7 32. f5 gxf5 33. exf5 Bc8 34.
Rce1 Nd7 35. Nf3 Rxe1+ 36. Rxe1 b5 37. Rh1 Kc7 38. Rh7 Bb7 39. Rxf7 Kd6 40. Ne5
Nxe5 41. dxe5+ Kxe5 42. Rxb7 b4 43. Rb6 Bg5 44. Re6+ Kf4 45. f6 d4 46. f7 1-0

[Event "5. OPEN International Championship of Vo"]
[Site "Novi Sad - MASTER CENTAR - SAJ"]
[Date "2014.07.12"]
[Round "1.32"]
[White "Van Kempen, Roderick"]
[Black "Iveljic, Igor"]
[Result "1/2-1/2"]
[WhiteElo "1978"]
[BlackElo "2294"]
[PlyCount "92"]
[EventDate "2014.07.12"]

1. e4 e5 2. Nf3 Nc6 3. Bb5 a6 4. Ba4 Nf6 5. O-O Be7 6. d4 exd4 7. e5 Ne4 8.
Nxd4 O-O 9. Re1 Nxd4 10. Qxd4 Nc5 11. Bb3 Nxb3 12. axb3 d6 13. Bf4 dxe5 14.
Bxe5 Qxd4 15. Bxd4 Be6 16. Be5 Rad8 17. Ra4 Rd7 18. Rae4 Rfd8 19. h3 h6 20.
R4e2 c6 21. Bc3 Rd5 22. Nd2 Bf8 23. Ne4 Rd1 24. Kf1 Bf5 25. g4 Bc8 26. Ng3
Rxe1+ 27. Kxe1 Be6 28. Nh5 Bd7 29. Rd2 Re8+ 30. Kf1 Bc8 31. Kg2 f5 32. f3 fxg4
33. hxg4 Kf7 34. Kg3 c5 35. Rd3 b5 36. f4 Be6 37. f5 Bc8 38. Nf4 b4 39. Bd2 Be7
40. Rd5 Bf8 41. Ng6 Re2 42. Nxf8 Kxf8 43. Rd8+ Kf7 44. Kf3 Re8 45. Rxe8 Kxe8
46. Be3 h5 1/2-1/2